Movies Quiz

Random Movies or Disney Quiz

Yellow Movies Quiz Stats

Quiz Updated Jun 25, 2013

Also try: White Movies
Challenge
Share
Tweet
Score 0/24 Timer 05:00
5 Plays Today
% Correct
Beauty and the Beast
98.4%
Kung Fu Panda
94.8%
The Wizard of Oz
91.3%
Kill Bill
88.6%
Madagascar 3: Europe's Most Wanted
87.2%
Gladiator
85.5%
Despicable Me
83.5%
Transformers
82.8%
Little Miss Sunshine
78.2%
National Treasure
70.4%
The Wrestler
64.8%
The Emperor's New Groove
58.4%
% Correct
Austin Powers in Goldmember
58.1%
The Mummy
57.4%
Thelma & Louise
55.7%
The Croods
44.9%
Hoosiers
44.9%
Wanted
42.6%
The Italian Job
37.6%
Swingers
36.3%
Dances with Wolves
23.7%
Big Fish
23.3%
Rise of the Guardians
12.4%
Waltz with Bashir
8.6%

You're not logged in!

Compare scores with friends on all Sporcle quizzes.
Sign Up with Email
OR
Log In

You Might Also Like...

Show Comments

Extras

Top Quizzes Today


Score Distribution

Your Account Isn't Verified!

In order to create a playlist on Sporcle, you need to verify the email address you used during registration. Go to your Sporcle Settings to finish the process.